[Gelnica]

Zobrazenie: pohľad na zhromaždenie ľudí na námestí okolo sochy baníka pred radnicou

Bibliographic Details
Format: Postcard
Language:Slovak
PhysicalDescription:1 pohľadnica čiernobiela 9 x 14 cm
Published: [Slovensko?] [vydavateľ neznámy] [1933?]
Subjects:

MARC

LEADER 00000nkm a2200000 a 4500
001 vtls011589125
003 SK-MaSNL
005 20260512123443.0
007 kp bo
008 231214q1933 xo g kuslo
015 |a SNBG 
035 |a urn:nbn:sk:snk-km00cozp 
035 |a urn:nbn:sk:snk-km3lqcy 
035 |a 4AB66B50-3C54-4036-8787-247F4682DF93 
040 |a SNK  |b slo  |c SNK  |e AACR2 
041 0 |a slo 
043 |a e-xo--- 
044 |a xo  |c SK 
080 |a 711.435  |2 2011 
080 |a 913(437.6)  |2 2011 
080 |a (084.121)  |2 2011 
245 0 0 |a [Gelnica]  |h grafika 
260 |a [Slovensko?]  |b [vydavateľ neznámy]  |c [1933?] 
300 |a 1 pohľadnica  |b čiernobiela  |c 9 x 14 cm 
520 8 |a Zobrazenie: pohľad na zhromaždenie ľudí na námestí okolo sochy baníka pred radnicou 
651 7 |a Gelnica (Slovensko)  |2 SNKPH  |9 16801 
655 7 |a miestne pohľadnice  |2 SNKPH  |9 70510 
852 |a Slovenská národná knižnica 
958 |a GC 
958 |a GBN 
958 |a OND 
999 |c 761697  |d 763627 
952 |a SNK  |b SNK  |y PREZ  |7 0  |p 17A1216009  |o snkSP 11083  |0 0  |1 0  |4 0  |d 2016-10-26  |f 1  |l 0  |r 2026-02-24 00:07:08  |w 2026-02-24